Normal view
MARC view
Entry Personal Name
001 - CONTROL NUMBER
- control field: 78321
003 - CONTROL NUMBER IDENTIFIER
- control field: dpl
005 - DATE AND TIME OF LATEST TRANSACTION
- control field: 20250220162821.0
008 - FIXED-LENGTH DATA ELEMENTS
- fixed length control field: 250220|| aca||aabn | a|a d
040 ## - CATALOGING SOURCE
- Original cataloging agency: dpl
- Transcribing agency: dpl
100 ## - HEADING--PERSONAL NAME
- Personal name: Divine Rosiline D'Silva
670 ## - SOURCE DATA FOUND
- Source citation: Work cat.: (dpl)208712: P.Balasubramanian 78320, Electronic and Non- documentary Information Resources/, 2024
